[Event "Challenge"]
[Site "http://www.queenalice.com/game.php?id=54336"]
[Date "2006.2.23"]
[Round "-"]
[White "Marcelo_Araujo"]
[Black "hagnat"]
[Result "1-0"]
[WhiteElo "1507"]
[BlackElo "1262"]

1. d4 d6 2. Bf4 Nf6 3. e3 Bg4 4. Be2 h5 5. Nf3 c6 6. O-O Qa5 7. Ng5 Bxe2 8. Qxe2
e5 9. dxe5 dxe5 10. Bg3 Ng4 11. Rd1 Be7 12. Ne4 f5 13. h3 h4 14. Bh2 Nxh2 15.
Nd6+ Bxd6 16. Rxd6 Qc5 17. Qd2 Rh6 18. Rd8+ Ke7 19. Kxh2 Rd6 20. Rxd6 Qxd6 21.
Qxd6+ Kxd6 22. Nc3 g5 23. Rd1+ Ke6 24. Rd8 b5 25. b4 f4 26. exf4 exf4 27. g3 f3
28. gxh4 gxh4 29. Ne4 Ke7 30. Rh8 Kd7 31. Ng5 Kc7 32. Nxf3 Kb7 33. Nxh4 Na6 34.
Rh7+ Kb6 35. a3 c5 36. c3 Rf8 37. Kg2 c4 38. f3 Nc7 39. Rh6+ Kb7 40. Rh5 a6 41.
Kg3 Ne6 42. Nf5 Kb6 43. f4 Rg8+ 44. Kf3 Rf8 45. h4 a5 46. Rh6 Rxf5 47. Rxe6+ Kc7
48. bxa5 Kd7 49. Rb6 1-0

[Event "Challenge"]
[Site "http://www.queenalice.com/game.php?id=54458"]
[Date "2006.2.24"]
[Round "-"]
[White "hagnat"]
[Black "Luciano_Matte"]
[Result "0-1"]
[WhiteElo "1500"]
[BlackElo "1858"]

1. e3 e5 2. f4 exf4 3. exf4 Bc5 4. d4 Bb6 5. b3 Nf6 6. Ba3 d6 7. Nc3 O-O 8. g3
Bg4 9. Nge2 Re8 10. h3 Bf3 11. Rh2 Nc6 12. Qd3 Nxd4 13. g4 Ne4 14. O-O-O Nxe2+
15. Bxe2 Bxe2 16. Rxe2 Nxc3 17. Rxe8+ Qxe8 18. Qxc3 Qe3+ 19. Kb2 Qxf4 20. Re1
Bd4 0-1

[Event "AUTO-ADV-142"]
[Site "http://www.queenalice.com/game.php?id=54485"]
[Date "2006.2.24"]
[Round "1"]
[White "hagnat"]
[Black "aarongale"]
[Result "0-1"]
[WhiteElo "1400"]
[BlackElo "1553"]

1. e3 e5 2. Nc3 c5 3. Bc4 d6 4. Qf3 f6 5. Nh3 h6 6. Bb5+ Bd7 7. Qxb7 a6 8. Bxd7+
Nxd7 9. b4 a5 10. bxa5 Rxa5 11. Rb1 Ne7 12. Rb5 Rxb5 13. Nxb5 Nc8 14. Nc7+ Ke7
15. f4 Ncb6 16. d4 cxd4 17. exd4 exd4 18. f5 d5 19. Bf4 Kf7 20. Ne6 Bb4+ 21. Bd2
Bxd2+ 22. Kxd2 Qa8 23. Nc5 Qa5+ 24. Ke2 Qxc5 25. Nf4 Qxc2+ 26. Kf3 Qe4+ 0-1

[Event "AUTO-ADV-142"]
[Site "http://www.queenalice.com/game.php?id=54486"]
[Date "2006.2.24"]
[Round "1"]
[White "aarongale"]
[Black "hagnat"]
[Result "1-0"]
[WhiteElo "1535"]
[BlackElo "1479"]

1. e4 Nf6 2. e5 Nd5 3. c4 Nb6 4. c5 Nd5 5. Bc4 e6 6. Nc3 c6 7. d4 g5 8. Nh3 b5
9. Bxd5 exd5 10. Bxg5 f6 11. Bxf6 Be7 12. Bxh8 Kf7 13. Qf3+ Kg8 14. Ng5 Bxg5 15.
Bf6 Bxf6 16. exf6 Kf7 17. Qh5+ Kxf6 18. Qh4+ Kf7 19. Qxd8 1-0

[Event "AUTO-ADV-142"]
[Site "http://www.queenalice.com/game.php?id=54487"]
[Date "2006.2.24"]
[Round "1"]
[White "hagnat"]
[Black "cd_dasilva"]
[Result "0-1"]
[WhiteElo "1340"]
[BlackElo "1552"]

1. e3 e5 2. d4 e4 3. f3 exf3 4. Qxf3 d5 5. e4 Qe7 6. Nc3 Nf6 7. Bg5 dxe4 8. Nxe4
Qxe4+ 9. Qxe4+ Nxe4 10. d5 Nxg5 11. O-O-O Bb4 12. Bb5+ Bd7 13. Bxd7+ Nxd7 14.
Nf3 Nxf3 15. gxf3 O-O 16. c3 Bc5 17. b4 Be3+ 18. Kc2 Rad8 19. Rd3 Rfe8 20. Re1
Bg5 21. Rxe8+ Rxe8 0-1

[Event "AUTO-ADV-142"]
[Site "http://www.queenalice.com/game.php?id=54488"]
[Date "2006.2.24"]
[Round "1"]
[White "cd_dasilva"]
[Black "hagnat"]
[Result "1-0"]
[WhiteElo "1547"]
[BlackElo "1290"]

1. d4 e6 2. e4 d5 3. e5 f6 4. exf6 Qxf6 5. Nh3 c5 6. c3 c4 7. b3 b5 8. bxc4 bxc4
9. Nd2 g5 10. Qf3 e5 11. Qxd5 Nc6 12. Bxc4 Nge7 13. Qf3 Qxf3 14. Nxf3 g4 15.
Nxe5 Nxe5 16. Bb5+ Bd7 17. Bxd7+ Nxd7 18. Nf4 h5 19. Rb1 Bh6 20. Rb5 O-O 21. g3
h4 22. d5 a6 23. Rb7 Rfd8 24. Ba3 Nf5 25. Ne6 Ne5 26. Nxd8 Rxd8 27. O-O Nf3+ 28.
Kh1 h3 29. Rb4 Rxd5 30. Rxg4+ Kf7 31. c4 Rd3 32. Bb2 Rd2 33. Bc1 Rxa2 34. Bxh6
N5d4 35. Be3 Rd2 36. Bxd2 Nxd2 37. Re1 Ne6 38. Ra1 1-0

[Event "AUTO-ADV-142"]
[Site "http://www.queenalice.com/game.php?id=54489"]
[Date "2006.2.24"]
[Round "1"]
[White "hagnat"]
[Black "altair"]
[Result "0-1"]
[WhiteElo "1359"]
[BlackElo "1625"]

1. e4 e5 2. d4 d6 3. f4 Nc6 4. c3 Be7 5. Be3 Nf6 6. dxe5 dxe5 7. fxe5 Nxe5 8.
Qxd8+ Bxd8 9. Bd4 Neg4 10. h3 Nh6 11. g4 g5 12. e5 Nd5 13. Bc4 Be6 14. h4 gxh4
15. Nf3 Nxg4 16. Nxh4 Be7 17. b4 O-O-O 18. b5 b6 19. Nd2 Nge3 20. Bxe3 Nxe3 21.
Bxe6+ fxe6 22. a4 Nc2+ 23. Ke2 Nxa1 24. Nhf3 Nc2 25. Rb1 h5 26. Nd4 Nxd4+ 27.
cxd4 Rxd4 28. Ra1 h4 29. Nf3 Re4+ 30. Kd3 Rf4 31. Rf1 Rxa4 0-1

[Event "AUTO-ADV-142"]
[Site "http://www.queenalice.com/game.php?id=54490"]
[Date "2006.2.24"]
[Round "1"]
[White "altair"]
[Black "hagnat"]
[Result "1-0"]
[WhiteElo "1626"]
[BlackElo "1364"]

1. e4 e6 2. d4 d5 3. e5 f6 4. exf6 gxf6 5. c3 Bh6 6. Ne2 Bxc1 7. Qxc1 e5 8. g3
Be6 9. Bg2 Ne7 10. Nd2 h5 11. O-O h4 12. Nf3 hxg3 13. fxg3 Bh3 14. dxe5 fxe5 15.
Nxe5 Nec6 16. Nf7 Qe7 17. Nxh8 Qh7 18. Bxh3 Qxh3 19. Ng6 Nd7 20. Qe3+ Nce5 21.
Nxe5 O-O-O 22. Nxd7 Qxd7 23. Qxa7 c6 24. Nd4 Qd6 25. Qa8+ Kd7 26. Rf7+ Ke8 27.
Qxb7 1-0

[Event "AUTO-OPEN-226"]
[Site "http://www.queenalice.com/game.php?id=54585"]
[Date "2006.2.24"]
[Round "1"]
[White "Zorro"]
[Black "hagnat"]
[Result "1-0"]
[WhiteElo "1204"]
[BlackElo "1216"]

1. e4 e6 2. Nf3 f5 3. e5 g5 4. d4 g4 5. Ng5 h6 6. Nxe6 dxe6 7. h3 Nc6 8. hxg4
fxg4 9. Qxg4 Nxd4 10. Qd1 h5 11. c3 Nf5 12. Qxd8+ Kxd8 13. Bd3 Bh6 14. Bxh6
Ngxh6 15. Rxh5 Ng7 16. Rg5 Ngf5 17. Bxf5 exf5 18. Rh5 Be6 19. Na3 Ke7 20. Nb5 c6
21. Nc7 Rad8 22. Rd1 Bf7 23. Rh4 Rd7 24. e6 Bxe6 25. Nxe6 Kxe6 26. Rhd4 Rd5 27.
c4 Rxd4 28. Rxd4 Ke5 29. Rd7 Ng4 30. Rxb7 Rh1+ 31. Ke2 Kf4 32. Rxa7 Rc1 33. g3+
Ke4 34. f3+ Kd4 35. fxg4 fxg4 36. Ra4 Rxc4 37. b3 1-0

[Event "AUTO-OPEN-226"]
[Site "http://www.queenalice.com/game.php?id=54586"]
[Date "2006.2.24"]
[Round "1"]
[White "hagnat"]
[Black "Zorro"]
[Result "0-1"]
[WhiteElo "1294"]
[BlackElo "1401"]

1. e3 e5 2. d4 e4 3. f3 Nf6 4. Nc3 Bb4 5. Bd2 Bxc3 6. Bxc3 exf3 7. Qxf3 O-O 8.
O-O-O d5 9. Bb4 Re8 10. Bd3 Nc6 11. c3 Nxb4 12. cxb4 Bg4 13. Qf1 Bxd1 14. Qxd1
Rxe3 15. Bc2 Qd7 16. h3 Rae8 17. Nf3 Nh5 18. g4 Nf4 19. Re1 Ng2 20. Kd2 Nxe1 21.
Nxe1 Rxe1 22. Qxe1 Rxe1 23. Kxe1 Qe7+ 24. Kf2 Qxb4 25. b3 Qxd4+ 26. Ke2 Qb2 27.
Kd2 Qxa2 28. h4 c5 0-1

[Event "AUTO-OPEN-226"]
[Site "http://www.queenalice.com/game.php?id=54599"]
[Date "2006.2.24"]
[Round "1"]
[White "mfrezman"]
[Black "hagnat"]
[Result "1-0"]
[WhiteElo "1546"]
[BlackElo "1307"]

1. d4 e6 2. Nf3 c5 3. e3 g5 4. h3 b6 5. Bd3 f5 6. e4 g4 7. hxg4 fxg4 8. Ng5 Bh6
9. Qxg4 Bxg5 10. Bxg5 Nf6 11. Bxf6 Qxf6 12. e5 Qf7 13. Nd2 h5 14. Qe4 Nc6 15.
O-O-O Qxf2 16. Qg6+ Qf7 17. Qg3 Rg8 18. Qh3 Nxd4 19. Nc4 Bb7 20. Nd6+ Ke7 21.
Nxf7 Kxf7 22. Rhf1+ Ke8 23. Qxh5+ Kd8 24. Rf7 Bxg2 25. Qh7 Re8 26. Rxd7+ Kc8 27.
Rc7+ Kb8 28. Ba6 Nb5 29. Rb7+ 1-0

[Event "AUTO-OPEN-226"]
[Site "http://www.queenalice.com/game.php?id=54600"]
[Date "2006.2.24"]
[Round "1"]
[White "hagnat"]
[Black "mfrezman"]
[Result "0-1"]
[WhiteElo "1273"]
[BlackElo "1511"]

1. e3 g6 2. d4 Bg7 3. d5 d6 4. c4 Nf6 5. f4 Bf5 6. Bd3 Be4 7. Nf3 Nbd7 8. Nc3
Nc5 9. Bxe4 Ncxe4 10. Nxe4 Nxe4 11. b4 Bxa1 12. Qa4+ Qd7 13. Qxd7+ Kxd7 14. O-O
f6 15. g4 Bc3 16. b5 b6 17. a4 h5 18. g5 f5 19. Nh4 Rhg8 20. h3 e5 21. dxe6+
Kxe6 22. Rd1 a6 23. a5 axb5 24. cxb5 Rxa5 25. Rd3 Rxb5 26. Nf3 Rb1 27. Rd1 c5
28. Kf1 Ra8 29. Ke2 c4 30. Nd4+ Kf7 31. Bd2 Rxd1 32. Kxd1 Bxd2 0-1

[Event "AUTO-ADV-143"]
[Site "http://www.queenalice.com/game.php?id=54962"]
[Date "2006.2.27"]
[Round "1"]
[White "FabricioMarchi"]
[Black "hagnat"]
[Result "1-0"]
[WhiteElo "1297"]
[BlackElo "1193"]

1. e4 e5 2. Nf3 d6 3. Bc4 f5 4. d3 c5 5. Ng5 Qf6 6. Nf7 Be6 7. Bxe6 Qxe6 8. Nxh8
h6 9. Qf3 Ne7 10. Nc3 g5 11. exf5 Nxf5 12. Qh5+ Kd7 13. Qf7+ Qxf7 14. Nxf7 Nc6
15. O-O Ncd4 16. Bd2 Nxc2 17. Rac1 Ncd4 18. Ne4 b5 19. Kh1 d5 20. Nxc5+ Bxc5 21.
Rxc5 Ke6 22. Nxh6 Nxh6 23. Bxg5 Nhf5 24. Be3 Nxe3 25. fxe3 Nf5 26. e4 dxe4 27.
dxe4 Nd6 28. Re1 Nc4 29. b3 Nb2 30. Rxb5 Nd3 31. Rf1 Nf4 32. a4 a5 33. Rc1 1-0

[Event "AUTO-ADV-143"]
[Site "http://www.queenalice.com/game.php?id=54963"]
[Date "2006.2.27"]
[Round "1"]
[White "hagnat"]
[Black "FabricioMarchi"]
[Result "0-1"]
[WhiteElo "1177"]
[BlackElo "1309"]

1. d4 d5 2. e3 Nc6 3. f4 Bf5 4. g4 Be4 5. Nf3 e6 6. Nbd2 Nb4 7. Nxe4 dxe4 8. Ng1
Qh4+ 9. Ke2 Qxg4+ 10. Kd2 Nf6 11. Bh3 Qh4 12. c3 Nd3 13. b4 Qf2+ 14. Qe2 Be7 15.
Qxf2 Nxf2 16. Bg2 Nxh1 17. Bxh1 O-O 18. Ba3 c6 19. c4 a5 20. c5 axb4 21. Bxb4 b6
22. Ne2 Ra4 23. a3 bxc5 24. dxc5 Nd5 25. Bxe4 Nxb4 26. Nc3 Ra6 27. a4 Bxc5 28.
h4 f5 29. Bf3 Nd5 30. Nxd5 cxd5 31. h5 Rfa8 0-1

[Event "AUTO-ADV-143"]
[Site "http://www.queenalice.com/game.php?id=54976"]
[Date "2006.2.27"]
[Round "1"]
[White "Zorro"]
[Black "hagnat"]
[Result "1-0"]
[WhiteElo "1220"]
[BlackElo "1164"]

1. e3 d5 2. d4 c6 3. Qd2 Nf6 4. h3 b5 5. a4 Ne4 6. Qe2 Qa5+ 7. c3 b4 8. f3 Nd6
9. Qc2 Bf5 10. Bd3 g6 11. g4 Bxd3 12. Qxd3 f5 13. b3 h5 14. g5 c5 15. dxc5 Nf7
16. cxb4 Qxb4+ 17. Bd2 Qxc5 18. Nc3 Ne5 19. Qxd5 Qxd5 20. Nxd5 Kd7 21. Ke2 e6
22. Nc3 Bb4 23. Nb5 Bxd2 24. Kxd2 Rd8 25. f4 Kc6+ 26. Ke2 Nf7 27. Rc1+ Kd5 28.
Nc7+ Kd6 29. Nxa8 Nc6 30. Rd1+ 1-0

[Event "AUTO-ADV-143"]
[Site "http://www.queenalice.com/game.php?id=54977"]
[Date "2006.2.27"]
[Round "1"]
[White "hagnat"]
[Black "Zorro"]
[Result "0-1"]
[WhiteElo "1316"]
[BlackElo "1478"]

1. e4 e5 2. c4 Bc5 3. b4 Bxb4 4. Bb2 d6 5. Qa4+ Nc6 6. Nf3 Bd7 7. Nc3 Bxc3 8.
Bxc3 Qe7 9. Rb1 b6 10. h4 Nf6 11. c5 dxc5 12. Bxe5 Nxe5 0-1

[Event "AUTO-ADV-143"]
[Site "http://www.queenalice.com/game.php?id=54986"]
[Date "2006.2.27"]
[Round "1"]
[White "hagnat"]
[Black "tenmaia"]
[Result "0-1"]
[WhiteElo "1148"]
[BlackElo "1496"]

1. d4 d5 2. e3 Nf6 3. c4 Bg4 4. f3 Bf5 5. g4 Bxb1 6. Rxb1 e6 7. g5 Bb4+ 8. Bd2
Bxd2+ 9. Qxd2 O-O 10. gxf6 g6 11. e4 dxe4 12. fxe4 Qxf6 13. e5 Qh4+ 14. Qf2 Qe4+
15. Kd2 Qxb1 0-1

[Event "AUTO-ADV-143"]
[Site "http://www.queenalice.com/game.php?id=54987"]
[Date "2006.2.27"]
[Round "1"]
[White "tenmaia"]
[Black "hagnat"]
[Result "1-0"]
[WhiteElo "1498"]
[BlackElo "1145"]

1. e4 e5 2. Qh5 d6 3. Bb5+ c6 4. Bc4 g6 5. Qf3 b5 6. Bxf7+ Kd7 7. Bxg8 Rxg8 8.
Qf7+ Be7 9. Qxh7 d5 10. d3 Ke6 11. Qh3+ Kf6 12. Qg3 Qa5+ 13. c3 d4 14. Bd2 1-0